=LDR 00000nam 2200000 4500 =001 INLIS000000000026596 =005 20130612125029 =008 ***********************************End** =035 ##$$0010-061300000026596 =041 ##$$a End =082 ##$$a 372.6 =090 ##$$a 372.6, Ern e =100 ##$$a Ernawati, Florentina =245 ##$$a English for elemtary school Jilid 4, Florentina Ernawati, Elisabeth Ida Purwanti ; Editor, Ellen Sirait =260 ##$$a 2002 $b Jakarta =300 ##$$a ...jil, ilus, 27 cm =700 ##$$a Purwanti, Elisabeth ida =850 ##$$a NBPNMAT